000 00588nam a2200181Ia 4500
008 090630s9999 xx 000 0 und d
082 _b18696
100 _aरणसिंग मोहन.
245 _aएकदा येऊन जा.
_cरणसिंग मोहन.
260 _bश्रीराम.
_c1984
300 _a188
600 _aरणसिंग मोहन.
630 _aएकदा येऊन जा.
655 _aकादंबरी.
700 _aरणसिंग मोहन.
730 _aएकदा येऊन जा.
942 _cBOOK
999 _c270552
_d270552